| 000 | 00851nam a2200265 a 4500 | ||
|---|---|---|---|
| 003 | DO-SdBNP | ||
| 005 | 20220603100708.0 | ||
| 007 | ta | ||
| 008 | 220601b2019 dr a|||| |||| 00| 0 spa d | ||
| 020 | _a9781072832201 | ||
| 040 |
_aDO-SdBNP _bspa _cBNPHU |
||
| 082 | 4 |
_aRD863.5 _bB333p 2019 _222 |
|
| 100 | 1 |
_aBatista, Lourdes _949749 |
|
| 245 | 1 | 0 |
_aPesadilla diurna / _cLourdes Batista ; prólogo Doris Melo Mendoza |
| 250 | _a2a. ed. | ||
| 260 |
_aSanto Domingo : _bSolo Para Locos, _c2019. |
||
| 300 |
_a109 p. ; _bil. ; _c22 cm. |
||
| 500 | _aIncluye datos biográficos de la autora en la contracubierta | ||
| 590 | _aInventariado, 2022/BT | ||
| 650 | 4 | _aCuentos dominicanos | |
| 650 | 4 | _aLiteratura dominicana | |
| 700 | 1 |
_aMelo Mendoza, Doris, _epról. _981745 |
|
| 910 | _aBtavárez /Validado. Control de calidad MFF | ||
| 942 |
_2ddc _cLBS1 |
||
| 999 |
_c51864 _d51864 |
||